000 00351nam a22001577a 4500
003 SGT
020 _a9789391208813
082 _a616.01
_bH25L
100 _aLUHARIA, ANURAG
245 _aHB. OF BIOMEDICAL SCIENCES
250 _a1ST
260 _aINDIA
_bINNOVATIVE PUB
_c2025
300 _a219
650 _a BIOMEDICAL SCIENCE
942 _2ddc
_cBK
999 _c33447
_d33447